|
|
|
|
| LEADER |
00000cam a2200000Mu 4500 |
| 001 |
EBOOKCENTRAL_on1202478402 |
| 003 |
OCoLC |
| 005 |
20240329122006.0 |
| 006 |
m o d |
| 007 |
cr ||||||||||| |
| 008 |
201031s2020 xx o ||| 0 eng d |
| 040 |
|
|
|a EBLCP
|b eng
|c EBLCP
|d EBLCP
|d REDDC
|d OCLCQ
|d OCLCF
|d OCLCQ
|d OCLCO
|d OCLCL
|
| 020 |
|
|
|a 9783838274171
|
| 020 |
|
|
|a 3838274172
|
| 035 |
|
|
|a (OCoLC)1202478402
|
| 050 |
|
4 |
|a DB2848
|b .B745 2019
|
| 082 |
0 |
4 |
|a 320.9437
|2 23
|
| 049 |
|
|
|a UAMI
|
| 100 |
1 |
|
|a Brhlíková, Radoslava.
|
| 245 |
1 |
0 |
|a Seeking the National Interest
|h [electronic resource] :
|b Slovakia after 15 Years of EU and NATO Accession.
|
| 260 |
|
|
|a La Vergne :
|b Ibidem Press,
|c 2020.
|
| 300 |
|
|
|a 1 online resource (257 p.)
|
| 500 |
|
|
|a Description based upon print version of record.
|
| 505 |
0 |
|
|a Intro -- CONTENT -- FOREWORD -- 1. What is Slovakia's "National Interest" and Where is it Created? In Lieu of an Introduction -- 2. The Temptation of Underdevelopment -- 3. Security as a National Interest after EU Accession -- 4. National Interest and Politicians -- 5. Migration Policy as National Interest -- 6. The Importance of Political Culture for the Slovak National Interest in the Context of the Migration Crisis -- 7. Slovak National Interest and the Hungarian Minority in the Post-Integration Period
|
| 505 |
8 |
|
|a 8. Slovakia's National Interests and Slovak-Russian Bilateral Relations in the Context of the Ukrainian Crisis (2013-2018) -- 9. Slovak National Interest: A Difficult Pursuit. The Three Key Blockages to the Attainment of National Interest -- CONCLUSION -- References -- Authors
|
| 590 |
|
|
|a ProQuest Ebook Central
|b Ebook Central Academic Complete
|
| 650 |
|
0 |
|a European Union
|z Slovakia.
|
| 651 |
|
0 |
|a Slovakia
|x Politics and government
|y 1993-
|
| 651 |
|
6 |
|a Slovaquie
|x Politique et gouvernement
|y 1993-
|
| 650 |
|
7 |
|a Politics and government
|2 fast
|
| 651 |
|
7 |
|a Slovakia
|2 fast
|1 https://id.oclc.org/worldcat/entity/E39PBJkXtrVWwTxQXgBkqKGvHC
|
| 648 |
|
7 |
|a Since 1993
|2 fast
|
| 758 |
|
|
|i has work:
|a Seeking the National Interest (Text)
|1 https://id.oclc.org/worldcat/entity/E39PCGQ8y43mWbwH3xxB7R3h9C
|4 https://id.oclc.org/worldcat/ontology/hasWork
|
| 776 |
0 |
8 |
|i Print version:
|a Brhlíková, Radoslava
|t Seeking the National Interest : Slovakia after 15 Years of EU and NATO Accession
|d La Vergne : Ibidem Press,c2020
|
| 856 |
4 |
0 |
|u https://ebookcentral.uam.elogim.com/lib/uam-ebooks/detail.action?docID=6330878
|z Texto completo
|
| 938 |
|
|
|a ProQuest Ebook Central
|b EBLB
|n EBL6330878
|
| 994 |
|
|
|a 92
|b IZTAP
|